XI Festival Cuba 78. (رقم التسجيلة. 138833)

تفاصيل مارك
000 -LEADER
fixed length control field 00744cam a2200217 a 4500
008 - FIXED-LENGTH DATA ELEMENTS--GENERAL INFORMATION
fixed length control field 150405s1978 cu 000 0 spa d
040 ## - CATALOGING SOURCE
Original cataloging agency EG-GiCUC
Language of cataloging spa
Transcribing agency EG-GiCUC
050 00 - LIBRARY OF CONGRESS CALL NUMBER
Classification number HQ799.C8
Item number C34 1978
082 00 - DEWEY DECIMAL CLASSIFICATION NUMBER
Classification number 305.235097291
Edition number 19
092 04 - LOCALLY ASSIGNED DEWEY CALL NUMBER (OCLC)
Classification number 305.235097291
Item number W92748 1978
Edition number 21
099 ## - LOCAL FREE-TEXT CALL NUMBER (OCLC)
Classification number 04
-- 305.235097291 W92748 1978
100 1# - MAIN ENTRY--PERSONAL NAME
Personal name World festival of youth and students
Number of part/section of a work (11th.:
Titles and words associated with a name Cuba:
Dates associated with a name 1978)
245 10 - TITLE STATEMENT
Title XI Festival Cuba 78.
260 ## - PUBLICATION, DISTRIBUTION, ETC.
Place of publication, distribution, etc. Ciudad de La Habana, Cuba :
Name of publisher, distributor, etc. Comite Organizador, XI Festival Mundial de la Juventud y los Estudiantes,
Date of publication, distribution, etc. 1978.
300 ## - PHYSICAL DESCRIPTION
Extent 256 p.:
Other physical details ill (Some col.);
Dimensions 22x22 cm.
650 #0 - SUBJECT ADDED ENTRY--TOPICAL TERM
Topical term or geographic name entry element Youth
Geographic subdivision Cuba
Form subdivision Congresses.
902 ## - LOCAL DATA ELEMENT B, LDB (RLIN)
No. of Items 1
905 ## - LOCAL DATA ELEMENT E, LDE (RLIN)
Cataloger Jamal
Reviser Cat.
905 ## - LOCAL DATA ELEMENT E, LDE (RLIN)
Cataloger Jihan
Reviser Rev.
942 ## - ADDED ENTRY ELEMENTS (KOHA)
Source of classification or shelving scheme Dewey Decimal Classification
Koha item type Books
المقتنيات
Source of classification or shelving scheme Not for loan Home library Current library Date acquired Full call number Barcode Date last seen Copy number Koha item type
Dewey Decimal Classification   المكتبة المركزبة الجديدة - جامعة القاهرة قاعة الثقاقات الاجنبية - الدور الثالث 11.02.2024 305.235097291 W92748 1978 Spa. 01000116005647000 05.07.2024 C.1 Books
Cairo University Libraries Portal Implemented & Customized by: Eng. M. Mohamady Contacts: new-lib@cl.cu.edu.eg | cnul@cl.cu.edu.eg
CUCL logo CNUL logo
© All rights reserved — Cairo University Libraries
CUCL logo
Implemented & Customized by: Eng. M. Mohamady Contact: new-lib@cl.cu.edu.eg © All rights reserved — New Central Library
CNUL logo
Implemented & Customized by: Eng. M. Mohamady Contact: cnul@cl.cu.edu.eg © All rights reserved — Cairo National University Library